<The> justification for inflation criteria in V4 countries

Na minha lista:
Detalhes bibliográficos
Autor principal: Lisý, Ján
Outros Autores: Novák, Marcel, 1979-, Skalák, Pavol
Formato: Capítulo de Livro
Idioma:inglês
Assuntos:
Tags: Adicionar Tag
Sem tags, seja o primeiro a adicionar uma tag!

MARC

LEADER 00000naa$a2200000$$$4500
001 0182613
005 20240502083429.2
041 0 |a eng 
044 |a MK 
245 1 0 |a <The> justification for inflation criteria in V4 countries  |c Ján Lisý, Marcel Novák, Pavol Skalák 
610 2 0 |a eurozóna 
610 2 0 |a inflácia 
610 2 0 |a Vyšehradská štvorka 
100 1 |a Lisý, Ján 
700 1 |a Novák, Marcel, 1979- 
700 1 |a Skalák, Pavol